000 00344 a2200121 4500
001 ART_37934
005 20260410161751.0
008 260409a
245 1 0 _aFacturación en moneda extranjera
100 1 _aGarcía, Fernando D.
700 1 _aVolman, Mario
773 0 _tDoctrina tributaria
_g- Nº 428 (nov. 2015)
_wREV4296
999 _c19640
_d19640